000 00671nam a22002537a 4500
003 UA-OsUOA
001 23443
007 ta
008 20040121b un ||||| |||| 00| 0 ukr d
090 _a316(0758)
_bС40
942 _cBK
040 _aUA-OsUOA
_brus
_cUA-OsUOA
_dUA-OsUOA
245 _aСистема социологического знания
_bУчебное пособие
_cСост. Г.В.Щёкин
300 _a208 с.
955 _a0
041 _arus
080 _a316(0758)
020 _a966-608-133-4
260 _aКиев
_bМАУП
_c2001
044 _aUA
250 _n4-е изд., стереотип
650 7 _2UDC
999 _c309691
_d309691